Who lived in castles? : Highlights in history

Bibliographic Details
Format: Book
Published: London : Pioneer House , 2005
Series:Ask me
Subjects:

MARC

LEADER 00000cam a2200000 7i4500
001 0000003614
005 20151222.0
008 070719
020 |a 087197519X 
090 0 0 |a Q   |b ENG 
245 0 0 |a Who lived in castles? :   |b Highlights in history 
260 |a London :   |b Pioneer House ,   |c 2005 
440 0 |a Ask me 
500 |a Children ages 10-12 years old (pink) 
650 0 |a Early learning 
650 0 |a Junior fiction   |x English   |x Languages 
999 |a 0000970589   |b Book   |c Children Collection   |e Cawangan Segamat 
999 |a 0000970591   |b Book   |c Children Collection   |e Cawangan Segamat 
999 |a 0000970592   |b Book   |c Children Collection   |e Cawangan Pontian 
999 |a 0000970593   |b Book   |c Children Collection   |e Cawangan Sri Merlong 
999 |a 0001043814   |b Book   |c Children Collection   |e Cawangan Pontian 
999 |a 0001043820   |b Book   |c Children Collection   |e Cawangan Tangkak 
999 |a 0001043823   |b Book   |c Children Collection   |e Cawangan Tmn. Ungku Tun Aminah 
999 |a 0001072474   |b Book   |c Children Collection   |e Cawangan Tmn. Ungku Tun Aminah 
999 |a 0001072476   |b Book   |c Children Collection   |e Cawangan Tmn. Ungku Tun Aminah 
999 |a 0001072480   |b Book   |c Children Collection   |e Cawangan Segamat 
999 |a 0001132759   |b Book   |c Children Collection   |e Cawangan Pontian 
999 |a 0001132760   |b Book   |c Children Collection   |e Cawangan Bukit Gambir 
999 |a 0001132762   |b Book   |c Children Collection   |e Cawangan Segamat 
999 |a 0001132764   |b Book   |c Children Collection   |e Cawangan Taman Universiti 
999 |a 0001132765   |b Book   |c Children Collection   |e Cawangan Bandar Penawar 
999 |a 0001132767   |b Book   |c Children Collection   |e Cawangan Tangkak